Les Maisons des Illustres (4) - Statistiques

Statistiques générales
  • Ce quiz a été pris 24 fois
  • Le résultat moyen est 12 sur 20
Statistiques - réponses
Département Ville Indice Réponse % Correct
76 Tourville-sur-Arques Bel-Ami Guy de {Maupassant}
100%
78 Jouy-en-Josas Front populaire Léon {Blum}
90%
39 Arbois Vaccin Louis {Pasteur}
90%
95 Montmorency Promeneur solitaire Jean-Jacques {Rousseau}
85%
11 Narbonne Y'a d'la joie Charles {Trenet}
80%
73 Chambéry Contrat social Jean-Jacques {Rousseau}
80%
24 Castelnaud-la-Chapelle La plus Française des Américaines Joséphine {Baker}
80%
972 Les Trois Ilets Epouse célébre Joséphine de {Beauharnais}
75%
85 Saint-Vincent-sur-Jard Tigre Georges {Clémenceau}
70%
76 Etretat Lupin Maurice {Leblanc}
70%
76 Petit-Couronne Dramaturge classique Pierre {Corneille}
70%
02 La Ferté-Milon Dramaturge classique Jean {Racine}
60%
57 Metz Saturniens Paul {Verlaine}
50%
37 Seuilly Quart livre François {Rabelais}
45%
971 Pointe-à-Pitre Nobel de littérature Saint-{John} {Perse}
40%
17 Rochefort Roman d'un spahi Pierre {Loti}
25%
13 Salon-de-Provence Prophète ? {Nostradamus}
20%
01 Châtillon-sur-Chalaronne Filles de la Charité Vincent {de Paul}
20%
91 Yerres Peintre - Homme au balcon Gustave {Caillebotte}
15%
87 Bellac Quelle guerre de Troie ? Jean Giraudoux
5%
Aucun quiz correspondant
Distribution des résultats
% des personnes avec chaque résultat
Percentile par nombre de réponses
Votre historique - résultats
Vous n’avez pas pris ce quiz